Poesía / (Record no. 137077)

MARC details
000 -LEADER
campo de control de longitud fija 00708nam a2200217 4500
001 - NÚMERO DE CONTROL
campo de control 137077
003 - IDENTIFICADOR DE NÚMERO DE CONTROL
campo de control ES-MaACL
005 - FECHA Y HORA DE LA ÚLTIMA TRANSACCIÓN
campo de control 20260303141310.0
007 - CAMPO FIJO DE DESCRIPCIÓN FÍSICA--INFORMACIÓN GENERAL
campo de control de longitud fija t|
008 - DATOS DE LONGITUD FIJA--INFORMACIÓN GENERAL
campo de control de longitud fija 070214s1981 sp r ||||1| spa d
100 1# - ENTRADA PRINCIPAL--NOMBRE DE PERSONA
Nombre de persona Salvador, Carles.
9 (RLIN) 102067
245 10 - MENCIÓN DEL TÍTULO
Título Poesía /
Mención de responsabilidad, etc. Carles Salvador ; edició i práoleg de Ricard Blasco.
260 ## - PUBLICACIÓN, DISTRIBUCIÓN, ETC.
Lugar de publicación, distribución, etc. Valencia :
Nombre del editor, distribuidor, etc. Institució Alfons el Magnáanim,
Fecha de publicación, distribución, etc. 1981.
300 ## - DESCRIPCIÓN FÍSICA
Extensión 339 p. ;
Dimensiones 19 cm.
490 1# - MENCIÓN DE SERIE
Mención de serie Biblioteca d'autors valencians ;
Designación de volumen o secuencia 3
700 1# - ENTRADA AGREGADA--NOMBRE PERSONAL
Nombre de persona Blasco, Ricard.
9 (RLIN) 29374
710 2# - ENTRADA AGREGADA--NOMBRE DE ENTIDAD CORPORATIVA
Nombre de entidad corporativa o nombre de jurisdicción como elemento de entrada Institució Alfons el Magnànim
9 (RLIN) 173001
830 0# - PUNTO DE ACCESO ADICIONAL DE SERIE-TÍTULO UNIFORME
Título uniforme Biblioteca d'autors valencians ;
Designación de volumen o secuencia 3
9 (RLIN) 187066
852 ## - LOCALIZACIÓN
Ubicación ES-MaACL
Número de control de estantería L-1722
Sublocalización o colección R.102434
Holdings
Estatus retirado Estado de pérdida Estado de daño No para préstamo Biblioteca de origen Biblioteca actual Ubicación en estantería Fecha de adquisición Fuente de adquisición Total de préstamos Signatura topográfica completa Código de barras Visto por última vez Precio de reemplazo Tipo de ítem Koha
        Biblioteca del Ateneo de Madrid Biblioteca del Ateneo de Madrid Depósito 2 17/01/2008     L-1722 1142650 23/02/2023 23/02/2023 Libro impreso